=LDR 00000nam 2200000 4500 =001 INLIS000000000030093 =005 20130612132253 =008 ***********************************Ind** =035 ##$$0010-061300000030093 =041 ##$$a Ind =082 ##$$a 782.42 =090 ##$$a 782.42, Sir n =100 ##$$a Siregar, Astar =245 ##$$a Nyanyian kehidupan, Astar Siregar =260 ##$$a 2007 $b Jakarta =300 ##$$a iv, 207 hlm, ilus, 22 cm =650 ##$$a Nyanyian =850 ##$$a NBPNMAT =990 ##$$a 0001/BPAP-NTB/2015